Statistics for Two Largest Cities by First Two Letters

Click here to take the quiz!

General Stats

  • This quiz has been taken 28,318 times
  • The average score is 12 of 30

Answer Stats

Pop.City% Correct
TO40.5 mTokyo
90%
TO7.65 mToronto
82%
JA32.1 mJakarta
74%
OS17.7 mOsaka
63%
XI7.10 mXi'an
58%
PH7.35 mPhiladelphia
57%
MA26.3 mManila
52%
TE15.5 mTehran
51%
OS1.21 mOslo
49%
HO10.6 mHo Chi Minh City
46%
CA21.5 mCairo
44%
DE31.3 mDelhi
43%
LU8.45 mLuanda
40%
KU9.15 mKuala Lumpur
40%
TU2.73 mTunis
40%
KU4.50 mKuwait City
39%
HO7.55 mHong Kong
39%
CH10.0 mChengdu
39%
CH11.6 mChennai
34%
KI13.9 mKinshasa
31%
PH4.80 mPhoenix
30%
DE5.75 mDetroit
27%
MA6.70 mMadrid
25%
XI10.2 mXiamen
24%
TU1.61 mTurin
23%
KI3.48 mKiev
17%
TE2.73 mTel Aviv
15%
JA4.05 mJaipur
12%
CA4.55 mCasablanca
12%
LU3.80 mLucknow
4%

Score Distribution

Percentile by Number Answered

Percent of People with Each Score

Your Score History

You have not taken this quiz